header

Earthquake engineering for concrete dams (Record no. 70314)

MARC details
000 -LEADER
fixed length control field 01563nam a2200325Ia 4500
082 04 - DEWEY DECIMAL CLASSIFICATION NUMBER
Classification number 627/.8
245 00 - TITLE STATEMENT
Title Earthquake engineering for concrete dams
260 ## - PUBLICATION, DISTRIBUTION, ETC. (IMPRINT)
Place of publication Washington, D.C. :
Name of publisher National Academy Press,
Year of publication 1990.
300 ## - PHYSICAL DESCRIPTION
Number of Pages x, 143 p. :
Other physical details ill.
500 ## - GENERAL NOTE
General note "Ray W. Clough, Chairman, Panel on Earthquake Engineering for Concrete Dams."
650 #0 - SUBJECT ADDED ENTRY--TOPICAL TERM
Topical Term Concrete dams
Topical Term Concrete dams
Topical Term Earthquake engineering.
700 1# - ADDED ENTRY--PERSONAL NAME
Personal name Clough, Ray W.,
856 40 - ELECTRONIC LOCATION AND ACCESS
Uniform Resource Identifier http://site.ebrary.com/lib/rucke/Doc?id=10056841

No items available.

© 2026 Rongo University
Contact us: librarian | system librarian | Rongo university